| 000 | 00417nam a2200157Ia 4500 | ||
|---|---|---|---|
| 999 |
_c522890 _d522890 |
||
| 005 | 20190131110132.0 | ||
| 008 | 190125s9999 xx 000 0 und d | ||
| 020 | _a9780199778041 | ||
| 040 | _cDLC | ||
| 082 |
_a658.15 _bNEW |
||
| 100 |
_aDonald G. Newnan _913197 |
||
| 245 | _aEngineering Economic Analysis / | ||
| 260 |
_bOxford University Press _aNew York _c2012 |
||
| 300 | _axxvii, 655 p. : | ||
| 942 |
_2ddc _cBK |
||